| 000 | 00420 a2200169 4500 | ||
|---|---|---|---|
| 001 | 157397 | ||
| 020 | _a978-85-60276-66-0 | ||
| 040 | _cEscola São Tomás de Aquino | ||
| 100 | _aBAER, Marisa | ||
| 240 | 1 | 0 |
_aAs aventuras de Biadica Barbigassa _lpor |
| 245 | 1 | 0 | _aAs aventuras de Biadica Barbigassa |
| 300 | _a104 | ||
| 362 | 0 | _a2018 | |
| 440 | 1 | _aUni Duni | |
| 697 | _a*LITERATURA INFANTO JUVENIL | ||
| 942 | _cBK | ||
| 999 |
_c157397 _d157397 |
||